000 00953nam a22003137a 4500
001 BR9402612
003 BR-BrBNA
005 20230928094024.0
007 ta
008 230509b bl.||||| |||| 00| 0 por d
040 _aBR-BrBNA
_bpor
_cBiblioteca Nacional de Agricultura
041 _a(Por)
072 _aF04; P35
_b1060
_b3840
090 _ 1060 BR9402612
100 1 _aCasarin, V.
110 1 _aEscola Superior de Agricultura Luiz de Queiroz, Piracicaba, SP (Brasil)
_0Tese (Mestre em Agronomia)
245 1 _aMateriais corretivos aplicados num latossolo vermelho-escuro com cultura de citros
260 3 _aPiracicaba, SP (Brasil):
_c1994.
300 _a61 p.
500 _aSummaries (Eng, Por); Bibliograph p. 51-61 (75 ref.)
650 _aLaranja Pera
650 _aCalcario
650 _aGesso
650 _aCalagem
650 _aAcidez do Solo
650 _aRendimento
909 _a202309
_bLucia
_c55
_dLucia Elande
942 _cBK
999 _c48470
_d48470